000 01134nam a22003377a 4500
001 BR7502465
003 BR-BrBNA
005 20230928084736.0
007 ta
008 230509b bl.||||| |||| 00| 0 por d
040 _aBR-BrBNA
_bpor
_cBiblioteca Nacional de Agricultura
041 _a(Por)
072 _aE30
_b/G514
090 _ E30 BR7502465
110 1 _aSecretaria de Planejamento da Presidencia da Republica, Brasilia, DF (Brasil);
_99009
110 1 _aInstituto de Planejamento Economico e Social, Brasilia, DF (Brasil)
_96238
245 1 _aDiagnostico e potencialidades fase 2. Programa de Desenvolvimento das Areas Integradas do Nordeste. Serra da Ibiapaba [Brasil]
260 3 _aRecife, PE (Brasil):
_bConsorcio,
_c1975.
300 _a92 p.
500 _a12 illus.; 39 tables; 26 ref.
650 _aDesenvolvimento agricola
650 _aPolitica agricola
650 _aProducao vegetal
650 _aProducao animal
650 _aRecurso hidrico
650 _aDesenvolvimento economico
650 _aSerra da Ibiapaba
650 _aNordeste
909 _a202309
_bLucia
_c55
_dLucia Elande
942 _cBK
999 _c20831
_d20831